000 01770nam a22002057a 4500
003 0
005 20241029085641.0
008 241029b xxu||||| |||| 00| 0 eng d
020 _a9781335904461
050 _aPZ 7
_b.N174 2019
100 _aNamey, Laura Taylor,
_eauthor.
245 _aThe library of lost things /
_cLaura Taylor Namey.
260 _aToronto, Ontario, Canada :
_bInkyard Press,
_c2019.
300 _a328 p. ;
_c21 cm.
500 _aNew York Times Bestselling Author of A Cuban Girl's Guide to Tea and Tomorrow.
520 _a"From the moment she first learned to read, literary genius Darcy Wells has spent most of her time living in the worlds of her books. There, she can avoid the crushing reality of her mother's hoarding and pretend her life is simply ordinary. But when a new property manager becomes more active in the upkeep of their apartment complex, the only home Darcy has ever known outside of her books suddenly hangs in the balance. While Darcy is struggling to survive beneath the weight of her mother's compulsive shopping, Asher Fleet, a former teen pilot with an unexpectedly shattered future, walks into the bookstore where she works ... and straight into her heart. For the first time in her life, Darcy can't seem to find the right words. Fairy tales are one thing, but real love makes her want to hide inside her carefully constructed ink-and-paper bomb shelter. Still, after spending her whole life keeping people out, something about Asher makes Darcy want to open up. But securing her own happily-ever-after will mean she'll need to stop hiding and start living her own truth--even if it's messy"--Provided by publisher.
650 _aTeenage girls
_vJuvenile fiction.
650 _aYoung adult fiction.
942 _2lcc
_cBK
999 _c366647
_d366647